=LDR 00000nam 2200000 4500 =001 INLIS000000000034973 =005 20130612140849 =008 ***********************************ind** =035 ##$$0010-061300000034973 =041 ##$$a ind =082 ##$$a 372.31 =090 ##$$a 372.31, Ach b =100 ##$$a Chiruddin, Agust =245 ##$$a Bermacam percobaan ilmu alam/Agust Achiruddin; Editor, Muhammad Naufal Zharif Bakar =260 ##$$a 2007 $b Bandung =300 ##$$a 148 hlm., Ilus., 25 cm =650 ##$$a Pendidikan Dasar - Sains =700 ##$$a Zharif, Muhammad Naufal =850 ##$$a NBPNMAT